Análisis del desarrollo de las zonas francas

Zapisane w:
Opis bibliograficzny
1. autor: Quesada Calderón, Alvaro
Kolejni autorzy: Serrano Acosta, Adolfo, Solano Villaverde, Javier
Format: Książka
Wydane: San José, Costa Rica 1986
Hasła przedmiotowe:
Etykiety: Dodaj etykietę
Nie ma etykietki, Dołącz pierwszą etykiete!

MARC

LEADER 00000nam a2200000Ia 4500
003 007192
005 20221231144310.0
008 140114s1986 cr a m 000 ||s d
040 |c cru CEDI 
090 |a TFG 2938 
100 |a Quesada Calderón, Alvaro  |9 11772 
245 |a Análisis del desarrollo de las zonas francas  
260 |c 1986  |a San José, Costa Rica 
300 |a  117 hojas ; 29 cm  
500 |a  Proyecto de graduacion (bachiller en ingenieria industrial)--Universidad de Costa Rica. Facultad de Ingenieria. Escuela de Ingenieria Industrial 
650 |x PUERTOS FRANCOS - COSTA RICA   |x DISTRITOS INDUSTRIALES - COSTA RICA  |9 11775 
700 |9 11773  |a Serrano Acosta, Adolfo 
700 |9 11774  |a Solano Villaverde, Javier 
942 |c TFG  |2 ddc 
999 |c 19790  |d 19790